000
00266nam a22001217a 4500
008
170612b xxu||||| |||| 00| 0 eng d
041
_a
eng
080
_a
93
100
_a
19
101
_a
SHP
245
_a
PRISONERS AND THEIR FAMILIES
_c
MORRIS, P
942
_2
udc
_c
BK
999
_c
17009
_d
17009